000 00968cam a2200265 4500
001 ABS62833
008 000000n2000 000 0 eng u
035 _a(Sirsi) u108589
100 _aHollis, M.
245 4 _aThe missing link
260 _c2000
490 _aStructural Survey
_v18(1) September 2000, 22-27(6)
520 _aAnalyses inspection methods for Homebuyers reports by looking at the observation methods of six surveyors. Also considers the method of standard reporting. Concludes that there should be a greater emphasis placed upon the the contemplation of the implication of the evidence.
590 _aABS
650 _aDEFECTS
650 _aSURVEYORS
650 _aRICS HOMEBUYER SURVEY AND VALUATION
650 _aREPORT WRITING
650 _aBUILT ENVIRONMENT-BUILDING INSPECTION
650 _aINSPECTION TECHNIQUES
650 _aPROCEDURE
650 _aRESEARCH
690 _aBUILT ENVIRONMENT-BUILDING INSPECTION
942 _n0
999 _c64824
_d64824